របាំបុរាណខ្មែរ / (Record no. 1505)

MARC details
000 -LEADER
fixed length control field 01949nam a22002777a 4500
005 - DATE AND TIME OF LATEST TRANSACTION
control field 20231003094359.0
020 ## - INTERNATIONAL STANDARD BOOK NUMBER
International Standard Book Number 9789924340591
040 ## - CATALOGING SOURCE
Original cataloging agency FISKH
Language of cataloging eng
Transcribing agency FISKH
Modifying agency FISKH
082 ## - DEWEY DECIMAL CLASSIFICATION NUMBER
Classification number 793.3
100 ## - MAIN ENTRY--PERSONAL NAME
Personal name Labbe, Lucie
245 ## - TITLE STATEMENT
Title របាំបុរាណខ្មែរ /
Statement of responsibility, etc. និពន្ធ និងគូររូបដោយ Lucie Labbe
250 ## - EDITION STATEMENT
Edition statement បោះពុម្ពលើកទី៣ មិថុនា ២០២២
260 ## - PUBLICATION, DISTRIBUTION, ETC.
Place of publication, distribution, etc. Phnom Penh :
Name of publisher, distributor, etc. Sipar,
Date of publication, distribution, etc. 2022.
300 ## - PHYSICAL DESCRIPTION
Extent 40 pages :
Other physical details color illustrations ;
Dimensions 20 cm
490 ## - SERIES STATEMENT
Series statement ខ្ញុំចង់ដឹង
505 ## - FORMATTED CONTENTS NOTE
Formatted contents note Z'<br/>
520 ## - SUMMARY, ETC.
Summary, etc. របាំបុរាណខ្មែរនឹងណែនាំអ្នកឱ្យស្គាល់ឯកសារពាក់ព័ន្ធនៃរបាំបុរាណរួមមានជីវិតរបស់អ្នករបាំ ការហ្វឹកហាត់កាយវិការ ប្រភេទរបាំ តួអង្គ និងការថ្វាយបង្គំ។ លក្ខណៈទាំងនោះនាំឱ្យរបាំបុរាណខ្មែរចុះក្នុងបញ្ជីបេតិកភណ្ឌអរូបីនៃមនុស្សជាតិក្នុងខែវិច្ឆិកា ឆ្នាំ២០០៣។
520 ## - SUMMARY, ETC.
Summary, etc. Khmer classical dance will guide you to know related documents of classical dance including lives of dancers, training, gesture, type of dance, characters and worship. Those characteristics bring Khmer classical dance to be listed as a world intangible heritage of humanity in November 2003.
521 ## - TARGET AUDIENCE NOTE
Target audience note 1000<br/>
Source Lexile estimate<br/>
521 ## - TARGET AUDIENCE NOTE
Target audience note Z'<br/>
Source Raz-Plus<br/>
650 ## - SUBJECT ADDED ENTRY--TOPICAL TERM
Topical term or geographic name entry element របាំបុរាណ
Form subdivision កាយវិកា
General subdivision តួអង្គ​
650 ## - SUBJECT ADDED ENTRY--TOPICAL TERM
Topical term or geographic name entry element Classical dance
Form subdivision Gesture
General subdivision Character
700 ## - ADDED ENTRY--PERSONAL NAME
Personal name Labbe, Lucie
Titles and other words associated with a name illustrator
942 ## - ADDED ENTRY ELEMENTS (KOHA)
Source of classification or shelving scheme Dewey Decimal Classification
Koha item type Books
Suppress in OPAC No
999 ## -
-- 1505
-- 1505
Holdings
Withdrawn status Lost status Source of classification or shelving scheme Damaged status Not for loan Collection Home library Current library Shelving location Date acquired Total Checkouts Full call number Barcode Date last seen Copy number Price effective from Koha item type Date last checked out
    Dewey Decimal Classification     Khmer Non-Fiction / សៀវភៅខ្មែរ រឿងពិត Footprints International School Library Network Toul Kork Campus Footprints International School Library Network Toul Kork Campus   08/31/2023   LAB 793.3 2023-0417 08/31/2023 1 08/31/2023 Books  
    Dewey Decimal Classification     Khmer Language Books / សៀវភៅភាសាខ្មែរ Footprints International School Library Network Toul Kork Campus Footprints International School Library Network Toul Kork Campus   08/31/2023 1 LAB 793.3 2023-0418 06/19/2025 2 08/31/2023 Books 05/21/2025